Problems and solutions in mathematics (Record no. 13653)

MARC details
000 -LEADER
fixed length control field 00499nam a2200169Ia 4500
003 - CONTROL NUMBER IDENTIFIER
control field IN-BaIIA
008 - FIXED-LENGTH DATA ELEMENTS--GENERAL INFORMATION
fixed length control field 211028s9999 xx 000 0 eng d
020 ## - INTERNATIONAL STANDARD BOOK NUMBER
International Standard Book Number 981-02-3480-5
040 ## - CATALOGING SOURCE
Transcribing agency IIA Library
080 ## - UNIVERSAL DECIMAL CLASSIFICATION NUMBER
Universal Decimal Classification number 51
Item number PRO
245 #0 - TITLE STATEMENT
Title Problems and solutions in mathematics
Statement of responsibility, etc. edited by Li. Ta-Tsien
260 ## - PUBLICATION, DISTRIBUTION, ETC.
Place of publication, distribution, etc. Singapore
Name of publisher, distributor, etc. World Scientific
Date of publication, distribution, etc. 1998
300 ## - PHYSICAL DESCRIPTION
Extent vii, 539p.
650 ## - SUBJECT ADDED ENTRY--TOPICAL TERM
Topical term or geographic name entry element Mathematics
9 (RLIN) 82
700 ## - ADDED ENTRY--PERSONAL NAME
Personal name Ta-Tsien, Li., ed.
9 (RLIN) 23989
942 ## - ADDED ENTRY ELEMENTS (KOHA)
Koha item type Books
Holdings
Withdrawn status Lost status Damaged status Not for loan Home library Current library Shelving location Date acquired Total Checkouts Full call number Barcode Date last seen Price effective from Koha item type
        IIA Library-Bangalore IIA Library-Bangalore General Stacks     51/ PRO 14572 05/11/2021   Books

Powered by Koha